Welcome to the Holygrace Academy Library

Please use search bar below to get started

SKELETON KEY (Record no. 3336)

MARC details
000 -LEADER
fixed length control field 00809nam a22001457a 4500
020 ## - INTERNATIONAL STANDARD BOOK NUMBER
ISBN 0-7445-9007-8
082 ## - DEWEY DECIMAL CLASSIFICATION NUMBER
Classification number 823
Item number HOR/S
100 ## - MAIN ENTRY--AUTHOR NAME
Personal name HOROOWITZ, ANTHONY
245 ## - TITLE STATEMENT
Title SKELETON KEY
260 ## - PUBLICATION, DISTRIBUTION, ETC. (IMPRINT)
Place of publication LONDON
Name of publisher WALKER BOOKS
Year of publication 2002
300 ## - PHYSICAL DESCRIPTION
Number of Pages 315
520 ## - SUMMARY, ETC.
Summary, etc Caroline Ellis (Kate Hudson), a good-natured nurse living in New Orleans, quits her job at a hospice to work for Violet Devereaux (Gena Rowlands), an elderly woman whose husband, Ben (John Hurt), is in poor health following a stroke. When Caroline begins to explore the couple's rundown Bayou mansion, she discovers strange artifacts and learns the house has a mysterious past. As she continues to investigate, she realizes that Violet is keeping a sinister secret about the cause of Ben's illness.
650 ## - SUBJECT ADDED ENTRY--TOPICAL TERM
Topical Term NOVEL
Geographic subdivision UNITED KINGDOM
942 ## - ADDED ENTRY ELEMENTS (KOHA)
Koha item type Books
Holdings
Withdrawn status Lost status Collection code Home library Current library Shelving location Date acquired Source of acquisition Full call number Accession Number Koha item type
    Fiction Main Library Main Library SHELF-14F- ALPHABETICAL H,I --ENGLISH NOVELS & FICTIONS 14/03/2014 purchase 823 HOR/S 07936 Books